[Event "ROM-ch U14 Girls"]
[Site "Calimanesti"]
[Date "2018.03.31"]
[Round "6"]
[White "Serbanuta, Teodora"]
[Black "Mocanu, Ruxandra Ioana"]
[Result "1/2-1/2"]
[WhiteElo "1108"]
[BlackElo "1083"]
[PlyCount "66"]
[EventDate "2018.03.27"]
[EventType "swiss"]
[EventRounds "9"]
[EventCountry "ROU"]
[SourceTitle "EXT 2019"]
[Source "ChessBase"]
[SourceDate "2018.10.10"]
[SourceVersion "1"]
[SourceVersionDate "2018.10.10"]
[SourceQuality "1"]

1. e4 e5 2. Nf3 Nc6 3. Bc4 Bc5 4. c3 d6 5. 0-0 Bg4 6. d3 Na5 7. Bb5+ c6 8. Ba4 b5 9. Bc2 Nb7 10. d4 exd4 11. cxd4 Bb6 12. Be3 Ne7 13. h3 Bh5 14. Re1 0-0 15. Nbd2 f5 16. Bg5 f4 17. Nb3 Qd7 18. e5 Nd5 19. e6 Qc8 20. e7 Re8 21. Qe2 h6 22. Qe4 Kf7 23. Bh4 Rh8 24. Qf5+ Qxf5 25. Bxf5 g5 26. g4 fxg3 27. Nxg5+ hxg5 28. Bxg5 gxf2+ 29. Kxf2 Bg6 30. Bd7 Nb4 31. e8Q+ Rhxe8 32. Bxe8+ Rxe8 33. Rxe8 Kxe8 1/2-1/2

[Event "ROM-ch U14 Girls"]
[Site "Calimanesti"]
[Date "2018.03.29"]
[Round "4"]
[White "Hejja, Irisz Hanna"]
[Black "Mocanu, Ruxandra Ioana"]
[Result "1-0"]
[WhiteElo "1386"]
[BlackElo "1083"]
[PlyCount "31"]
[EventDate "2018.03.27"]
[EventType "swiss"]
[EventRounds "9"]
[EventCountry "ROU"]
[SourceTitle "EXT 2019"]
[Source "ChessBase"]
[SourceDate "2018.10.10"]
[SourceVersion "1"]
[SourceVersionDate "2018.10.10"]
[SourceQuality "1"]

1. d4 d5 2. Bf4 Bf5 3. e3 Nf6 4. Nf3 e6 5. Bd3 Bg4 6. Nbd2 Be7 7. h3 Bh5 8. c3 0-0 9. Qc2 Bxf3 10. Nxf3 h6 11. g4 c5 12. Qe2 c4 13. Bc2 Qb6 14. Ne5 Qxb2 15. Bh7+ Kxh7 16. Qxb2 1-0

[Event "ROM-ch U14 Girls"]
[Site "Calimanesti"]
[Date "2018.03.27"]
[Round "1"]
[White "Mocanu, Ruxandra Ioana"]
[Black "Batagan, Ilinca Petra"]
[Result "0-1"]
[WhiteElo "1083"]
[BlackElo "1467"]
[PlyCount "94"]
[EventDate "2018.03.27"]
[EventType "swiss"]
[EventRounds "9"]
[EventCountry "ROU"]
[SourceTitle "EXT 2019"]
[Source "ChessBase"]
[SourceDate "2018.10.10"]
[SourceVersion "1"]
[SourceVersionDate "2018.10.10"]
[SourceQuality "1"]

1. d4 d5 2. Bf4 Nf6 3. Nc3 e6 4. a3 Bd6 5. Bg5 h6 6. Bh4 Nbd7 7. Nf3 0-0 8. e4 dxe4 9. Nxe4 Be7 10. Nxf6+ Nxf6 11. Ne5 c5 12. c3 cxd4 13. cxd4 Nd5 14. Bxe7 Qxe7 15. Bc4 b6 16. 0-0 Bb7 17. Qg4 Rac8 18. Rac1 Rfd8 19. Bxd5 Bxd5 20. f4 Be4 21. Rfe1 Rxc1 22. Rxc1 Rxd4 23. Rc8+ Rd8 24. Rc4 Bb7 25. Rc3 Rd2 26. b4 Rxg2+ 27. Qxg2 Bxg2 28. Kxg2 Kh7 29. Nc6 Qd6 30. Kg3 g5 31. Nxa7 Qxf4+ 32. Kg2 Qd2+ 33. Kg3 Qxc3+ 34. Kg2 Qxa3 35. Nc6 g4 36. b5 Qb2+ 37. Kg3 Qxb5 38. Nd4 Qd3+ 39. Kg2 Qxd4 40. Kg3 f5 41. Kg2 f4 42. Kf1 g3 43. hxg3 fxg3 44. Kg2 Qf2+ 45. Kh3 g2 46. Kh2 g1Q+ 47. Kh3 Qgg3# 0-1

[Event "ROM-ch U12 Girls"]
[Site "Baile Felix"]
[Date "2017.02.05"]
[Round "4"]
[White "Mocanu, Ruxandra Ioana"]
[Black "Popa, Andra Maria"]
[Result "0-1"]
[WhiteElo "1058"]
[BlackElo "1253"]
[PlyCount "36"]
[EventDate "2017.02.02"]
[EventType "swiss"]
[EventRounds "9"]
[EventCountry "ROU"]
[SourceTitle "CBM 176 Extra"]
[Source "ChessBase"]
[SourceDate "2017.03.02"]
[SourceVersion "1"]
[SourceVersionDate "2017.03.02"]
[SourceQuality "1"]

1. d4 e6 2. Bf4 d5 3. e3 f5 4. Nf3 Nf6 5. Ne5 Bd6 6. c4 c6 7. c5 Bc7 8. Be2 0-0 9. g4 Ne4 10. b4 Qh4 11. Bg3 Nxg3 12. fxg3 Qg5 13. Qd3 fxg4 14. Nxg4 e5 15. Nf2 exd4 16. exd4 Qc1+ 17. Bd1 Qb2 18. Qc3 Qxf2# 0-1

[Event "ROM-ch U10 Girls"]
[Site "Calimanesti"]
[Date "2015.03.30"]
[Round "1"]
[White "Mocanu, Ruxandra Ioana"]
[Black "Hejja, Irisz Hanna"]
[Result "0-1"]
[WhiteElo "1045"]
[BlackElo "1538"]
[PlyCount "34"]
[EventDate "2015.03.30"]
[EventType "swiss"]
[EventRounds "9"]
[EventCountry "ROU"]
[SourceTitle "CBM 165 Extra"]
[Source "ChessBase"]
[SourceDate "2015.04.21"]
[SourceVersion "1"]
[SourceVersionDate "2015.04.21"]
[SourceQuality "1"]

1. e4 d5 2. exd5 Qxd5 3. Nc3 Qd6 4. Bc4 c6 5. d3 Nf6 6. Nf3 Bg4 7. h3 Bh5 8. Bg5 Nbd7 9. Bxf6 Nxf6 10. Ng5 Bxd1 11. Nxd1 Qe5+ 12. Ne4 Nxe4 13. dxe4 Qxe4+ 14. Ne3 e6 15. 0-0 Bc5 16. Rfe1 Bxe3 17. fxe3 Qxc4 0-1